Laboratoires : répertoire scientifiques /
Guardado en:
| Autor Corporativo: | |
|---|---|
| Formato: | Libro |
| Idioma: | French |
| Publicado: |
Paris :
Presses Universitaires de France,
1956.
|
| Etiquetas: |
Agregar Etiqueta
Sin Etiquetas, Sea el primero en etiquetar este registro!
|
| LEADER | 00550nam a22001455a 4500 | ||
|---|---|---|---|
| 001 | EUN.um022425 | ||
| 003 | AR-BaUNS | ||
| 005 | 20050623122901.0 | ||
| 008 | 041125s1956####fr#a##########000#0#fre#d | ||
| 245 | 1 | 0 | |a Laboratoires : |b répertoire scientifiques / |c Office national des universités et écoles francaises. |
| 260 | |a Paris : |b Presses Universitaires de France, |c 1956. | ||
| 300 | |a 392 p. : |b ilus. ; |c 21,5 cm. | ||
| 082 | 0 | 4 | |a 378 |
| 110 | 2 | |a Office national des universités et écoles francaises |c Paris. | |
| 859 | |a Ar-BaUNS |b BIB. CENTRAL - Sector C |h 378 |i Of2 |p 1341/956 | ||
